000 00537nam a22001577a 4500
003 OSt
005 20241122092037.0
008 241107b |||||||| |||| 00| 0 eng d
040 _cCentral University Library
245 _aThe Ghana Law Reports 2003-05 Vol. 2
260 _aAccra, Ghana
_bCouncil for Law Reporting
_c2005
300 _axxxviii, 801 pages
_c24.5 cm
500 _aCases determined by the High Court, the Court of Appeal and the Supreme Court of the Republic of Ghana.
650 _2Law Reports
_xGhana
942 _2lcc
_cBK
_n0
999 _c780
_d780